000 00651nam a2200217 i 4500
001 108690
003 ES-MaACL
005 20231207204658.0
007 t|
008 061121s1970 sp |||| | spa d
100 1 _aMontagu, Ashley.
_982320
245 1 3 _aLa mujer, sexo fuerte /
_cAshley Montagu; traducción de Lola Aguado.
260 _aMadrid :
_bGuadarrama,
_c1970.
300 _a252 p. ;
_c18 cm.
490 1 _aPunto omega ;
_v95
650 0 4 _aMujeres-
_xPsicología.
_915309
700 1 _aAguado, Lola de,
_d1922-1981
_918610
830 0 _aPunto omega ;
_v95
_9180707
852 _aES-MaACL
_jC-40575
999 _c108690
_d108690